000 01141naa a22003257a 4500
001 BR6009588
003 BR-BrBNA
005 20240918173042.0
007 ta
008 230509b bl.||||| |||| 00| 0 por d
040 _aBR-BrBNA
_bpor
_cBiblioteca Nacional de Agricultura
041 _a(Pt)
072 _aE70
_b3575
_bG514
090 _aE70 BR6009588
100 1 _aAraujo, N.B. de
111 1 _a2. Seminario Brasileiro de Sementes
_cPelotas, RS (Brazil)
_d16 Sep 1968
245 1 _aComentarios sobre a comercializacao, financiamento e tributacao da semente no Brasil
260 3 _aRio de Janeiro, GB (Brasil):
_c1970.
500 _aAnais do 2. Seminario Brasileiro de Sementes Rio de Janeiro, GB (Brasil): 1970. p. 97-109 (BR6009588-AM)E70
650 _aComercializacao
650 _aSemente
650 _aFinanciamento
650 _aCusto
650 _aImposto
650 _aIncentivo fiscal
650 _aPolitica de abastecimento
773 0 _tAnais do 2. Seminario Brasileiro de Sementes
_wE70 BR6009588
_gRio de Janeiro, GB (Brasil), 1970. p. 97-109
909 _a202404
_bLucia
_c55
_dLucia Elande
942 _cAM
_2AGRIS
999 _c302670
_d302670